000 00656nam a2200229 a 4500
001 12802
003 BD-JhCC
005 20230513131854.0
008 230513s20172010b |||| |||| 000 0 eng d
035 _a(BD-JhCC)12802
040 _aBD-JhCC
_dBD-JhCC
041 _aeng
082 _a629.892
_bDEB 2017
100 _aDeb, S.R.
245 _aRobotics technology and flexible automation /
_cS. R. Deb and Sankha Dev
260 _aChennai
_bMcGraw Hill Education (India) Private Limited,
_c2017 [reprint]
300 _axv, 552 p. :
_bsome color pages;
_c21 cm.
650 _aRobotics
650 _aAutomation
700 _aDev, Sankha
942 _2ddc
_cBK
999 _c12802
_d12802